Giải đúng và nhanh trắc nghiệm Vật lí 12
Sách gồm 5 chương trình bày các kiến thức cơ bản giúp học sinh hệ thống lại kiến thức đã học để vận dụng vào việc giải bài tập, các bài tập trắc nghiệm tổng hợp về các chủ đề.
Na minha lista:
| Autor principal: | |
|---|---|
| Formato: | Livro |
| Idioma: | Undetermined |
| Publicado em: |
Hà Nội
Giáo dục Việt Nam
2010
|
| Assuntos: | |
| Tags: |
Adicionar Tag
Sem tags, seja o primeiro a adicionar uma tag!
|
| Thư viện lưu trữ: | Trung tâm Học liệu Trường Đại học Cần Thơ |
|---|
| LEADER | 00967nam a2200217Ia 4500 | ||
|---|---|---|---|
| 001 | CTU_182618 | ||
| 008 | 210402s9999 xx 000 0 und d | ||
| 020 | |c 19500 | ||
| 082 | |a 530.0712 | ||
| 082 | |b Ph506/T.1 | ||
| 100 | |a Trần, Thanh Phúc | ||
| 245 | 0 | |a Giải đúng và nhanh trắc nghiệm Vật lí 12 | |
| 245 | 0 | |c Trần Thanh Phúc | |
| 260 | |a Hà Nội | ||
| 260 | |b Giáo dục Việt Nam | ||
| 260 | |c 2010 | ||
| 520 | |a Sách gồm 5 chương trình bày các kiến thức cơ bản giúp học sinh hệ thống lại kiến thức đã học để vận dụng vào việc giải bài tập, các bài tập trắc nghiệm tổng hợp về các chủ đề. | ||
| 650 | |a Physics,Vật lý | ||
| 650 | |x Study and teaching (Secondary),Dạy và học (trung học phổ thông) | ||
| 904 | |i Hải | ||
| 980 | |a Trung tâm Học liệu Trường Đại học Cần Thơ | ||